<?xml version="1.0" encoding="UTF-8"?>
<record
    xmlns:xsi="http://www.w3.org/2001/XMLSchema-instance"
    xsi:schemaLocation="http://www.loc.gov/MARC21/slim http://www.loc.gov/standards/marcxml/schema/MARC21slim.xsd"
    xmlns="http://www.loc.gov/MARC21/slim">

  <leader>01638nam a22001577a 4500</leader>
  <datafield tag="999" ind1=" " ind2=" ">
    <subfield code="c">519362</subfield>
    <subfield code="d">519362</subfield>
  </datafield>
  <controlfield tag="008">220302b           ||||| |||| 00| 0 eng d</controlfield>
  <datafield tag="100" ind1=" " ind2=" ">
    <subfield code="a">Anand, Ishan and Thampi, Anjana</subfield>
    <subfield code="9">32299</subfield>
  </datafield>
  <datafield tag="245" ind1=" " ind2=" ">
    <subfield code="a">The crisis of extreme inequality in India</subfield>
  </datafield>
  <datafield tag="260" ind1=" " ind2=" ">
    <subfield code="a">The Indian Journal of Labour Economics  </subfield>
  </datafield>
  <datafield tag="300" ind1=" " ind2=" ">
    <subfield code="a">64(3), Jul-Sep, 2021: p.663-683</subfield>
  </datafield>
  <datafield tag="520" ind1=" " ind2=" ">
    <subfield code="a">The Covid-19 pandemic and the lockdowns have exposed and exacerbated the crisis of extreme inequalities in India. Using multiple nationally representative sample surveys, we analyse various dimensions of inequality in the labour market and in the access to basic amenities. We briefly indicate our most striking findings. Substantial gaps in earnings by gender, caste and area of residence persist. On average, female earnings were 63% of male earnings, earnings of the Scheduled Castes were 55% of the earnings of the relatively advantaged social groups, and rural earnings were only half of urban earnings in 2018&#x2013;2019. About 905 million people did not have access to piped water, 287 million did not have access to toilets, 127 million lived in rented accommodations, and one-fourth of the population lived in single-room dwellings in 2017&#x2013;2018. The implications of the long-term neglect of the public healthcare system and the disparities in the access to education are discussed. The evidence highlights the need for a new paradigm of development&#x2014;one that puts redistribution at the heart of its agenda. &#x2013; Reproduced </subfield>
  </datafield>
  <datafield tag="650" ind1=" " ind2=" ">
    <subfield code="a">Inequality, India, Earnings, Labour.</subfield>
    <subfield code="9">30280</subfield>
  </datafield>
  <datafield tag="773" ind1=" " ind2=" ">
    <subfield code="a">The Indian Journal of Labour Economics  </subfield>
  </datafield>
  <datafield tag="906" ind1=" " ind2=" ">
    <subfield code="a">INEQUALITY</subfield>
  </datafield>
  <datafield tag="942" ind1=" " ind2=" ">
    <subfield code="c">AR</subfield>
  </datafield>
  <datafield tag="952" ind1=" " ind2=" ">
    <subfield code="0">0</subfield>
    <subfield code="1">0</subfield>
    <subfield code="2">ddc</subfield>
    <subfield code="4">0</subfield>
    <subfield code="7">0</subfield>
    <subfield code="9">393436</subfield>
    <subfield code="a">IIPA</subfield>
    <subfield code="b">IIPA</subfield>
    <subfield code="d">2022-03-02</subfield>
    <subfield code="h">64(3), Jul-Sep, 2021: p.663-683</subfield>
    <subfield code="p">AR126287</subfield>
    <subfield code="r">2022-03-02</subfield>
    <subfield code="y">AR</subfield>
  </datafield>
</record>
